000 00736nam a2200241Ia 4500
003 OSt
005 20221006165350.0
006 a|||||r|||| 00| 0
007 ta
008 221006b |||||||| |||| 00| 0 eng d
024 _a7,936
037 _cTheseses
040 _aFML
_cFML
_beng
041 _2eng
_aeng
100 _aVageesh K Au.
_9679698
110 _aDelhi University. Faculty of Music and Fine Arts. Department of Music
245 0 _aThe aspects of Mantra, Tantra and Agma in the compositions of Muthuswami Deekdhitar
260 _c1996
300 _a193
_ccm.
700 _aDelhi University. Faculty of Music and Fine Arts. Department of Music
942 _cDIS
_2CC
999 _c1120577
_d1120577